000 01245nam a2200265Ia 4500
999 _c53845
_d53845
001 20896
003 GE_BSU
005 20210611170929.0
008 181216s2016||||ge |||||||||||||| ||geo||
020 _a9789941947735
040 _cGE_BSU
041 _ageo
080 _a347 ჰ-46
100 _aჰერმანი, თომას
_912031
245 _aმტკიცებულებითი სამართალი :
_bკონსპექტი /
_cთომას ჰერმანი ; თარგმანი ეთერ ჩაჩანიძის.
264 _aთბილისი :
_bიურისტების სამყარო,
_c2016.
300 _a74 გვ. ;
_c19 სმ.
500 _aგერმანიის თანამშრომლობაGIZ
500 _aწინამდებარე ნაშრომი გამოცემულია GIZ-ის ფინანსური მხარდაჭერით
541 _h7ლ.
653 _aმტკიცებულებითი სამართალი
653 _aსამართალი
700 _aჩაჩანიძე, ეთერ
_eმთარგმნელი
_912032
942 _cBK
_2udc